000
00252nam a2200121Ia 4500
005
20251222143214.0
008
251222s9999||||xx |||||||||||||| ||spa||
082
_a
972.94/C46
245
0
_a
Haiti:
250
_a
1ra. Ed.
264
_b
CEP
942
_c
LIB
999
_c
13557
_d
13557